000 01022nam a2200229Ia 4500
001 15749
005 20260408143431.0
008 260306t2013||||xx |||||||||||||| ||und||
041 _aESP
082 _a604.2
_bT18
100 _aTamez Esparza,Elías
_eAUT
245 0 _aDibujo técnico
260 _c2013
300 _a285 páginas :
_c24 cm.
650 _aGEN
654 _aCAU
856 _uhttps://itmsp.museknowledge.com/UCSP?url=https://www.ebooks7-24.com:443/?il=1453&pg=1
_zVéase además: Dibujo constructivo. Versión digital
856 _uhttps://0u213vn0w-y-https-ebooks7--24-com.itmsp.museknowledge.com/biblioteca.aspx
_zVéase además: Base de datos Ebook7-24
856 _uhttps://0u20fvn10-y-https-research-ebsco-com.itmsp.museknowledge.com/c/qxo6us/search
_zVéase además: Base de datos EBSCOhost
856 _uhttps://0u20vvn1b-y-https-ebookcentral-proquest-com.itmsp.museknowledge.com/lib/catolicasp/home.action
_zVéase además: Base de datos ProQuest Ebook Central
942 _cLIB
_dJUS
_fJUS
_2ddc
999 _c15749
_d15749